Postacie z FNaF na literę "C" - Statystyki

Ogólne statystyki
  • Ten quiz został rozwiązany 19 razy
    18 od ostatniego zresetowania
  • Średni wynik to 1 z 10
Statystyki odpowiedzi
Hint Odpowiedź % Poprawnych
FNaF 1 chica
100%
człowiek cassidy
21%
człowiek crying child
14%
człowiek charlotte emily
7%
FNaF AR catrina toy chica
0%
FNaF AR chocolate bonnie
0%
FNaF SOTM clean-o-vac
0%
FNaF AR clockwork ballora
0%
FNaF AR clockwork minireena
0%
FNaF AR clown springtrap
0%
Nie znaleziono quizów pasujących do podanych kryteriów
Rozkład punktacji
Procent ludzi z każdym wynikiem
Percentyl według liczby udzielonych odpowiedzi
Twoja historia wyników
Nie rozwiązałeś tego quizu od ostatniego zresetowania